000 00663nam a22002177a 4500
003 UA-OsUOA
001 52523
007 ta
008 20080219b un ||||| |||| 00| 0 ukr d
100 _aЛосєв І.
090 _a94(477)
_bЛ-12
942 _cSA
040 _aUA-OsUOA
_bukr
_cUA-OsUOA
_dUA-OsUOA
245 _aТаємна історія ВОСР (Великая Октябрьская Социалистическая революция)
300 _aС.134-138
955 _a0
041 _aukr
080 _a94(477)
773 0 _w52522
_tСучасність
_dК.
_d2007
_g10
650 7 _a9 Географія. Біографії. Історія
_2UDC
999 _c338620
_d338620